| 000 | 00655nam a2200241Ia 4500 | ||
|---|---|---|---|
| 003 | OSt | ||
| 005 | 20221005131032.0 | ||
| 006 | a|||||r|||| 00| 0 | ||
| 007 | ta | ||
| 008 | 221004b |||||||| |||| 00| 0 ben d | ||
| 020 | _c160 | ||
| 024 | _a27330 | ||
| 037 |
_b3, 18/01/2008, Mukta Dhara _cTextual |
||
| 040 |
_aCRL _cCRL _bben |
||
| 041 |
_2ben _aben |
||
| 082 | _aY:1.275vN, 157P6 | ||
| 100 |
_aBasu Shyamali _9639034 |
||
| 245 | 0 | _aSekal o sekalini | |
| 260 | _c2006 | ||
| 650 | _aMODERN EUROPEAN LANGUAGES | ||
| 942 |
_hY:1.275vN, 157P6 _cTEXL _2cc |
||
| 999 |
_c1059154 _d1059154 |
||